Statistics for Top 10 Bournemouth PL scorers

Click here to take the quiz!

General Stats

  • This quiz has been taken 42 times
  • The average score is 6 of 10

Answer Stats

HintAnswer% Correct
11Wilson
97%
21King
88%
6Cook
70%
7Stanislas
70%
7Daniels
64%
3Ake
61%
4Ritchie
42%
10Afobe
39%
5Pugh
39%
5Gosling
36%

Score Distribution

Percentile by Number Answered

Percent of People with Each Score

Your Score History

You have not taken this quiz